000 01035nam0a22002771 4500
001 rc\548672
005 20250621125705.0
035 _a(NLR Aleph) 005784884
090 _a5142560
_c5142560
100 _a20030616d1988 |||y0rusy50 ca
101 0 _arus
102 _aRU
105 _aa |||||||||
200 1 _aЗакономерности образования гамма-индуцированных мутантов у Saccharomyces cerevisiae
_fА.И. Чепурной, Н. Михова-Ценова, Х. Брунцкова
210 _aДубна
_cОИЯИ
_d1988
215 _a12 с.
_cграф.
_d22
225 1 _aПрепринт
_fОбъед. ин-т ядер. исслед.
_vР19-88-340
320 _aБиблиогр.: с. 12 (16 назв.)
700 1 _aЧепурной
_bА.И.
_gАлександр Иванович
701 1 _aМихова-Ценова
_bН.
701 1 _aБрунцкова
_bХ.
801 0 _aRU
_bNLR
_gpsbo
801 1 _aRU
_bELAR
_2rusmarc
852 _aNLR
_j88-6/5987
942 _cBOOK
980 _aNB